Tổng tập tiểu thuyết chữ Hán Việt Nam; T3 Nam triều công nghiệp diễn chí,Hoan châu ký,Hoàng Lê nhất thống chí
Hoan châu ký/Nguyễn Cảnh Trị; Nam triều công nghiệp diễn chí/Nguyễn Khoa Chiêm; Hoàng Lê nhất thống chí/Ngô Gia Văn Phái
Sparad:
| Huvudupphovsman: | |
|---|---|
| Materialtyp: | Bok |
| Språk: | Undetermined |
| Publicerad: |
Hà Nội
Thế giới
1997
|
| Ämnen: | |
| Taggar: |
Lägg till en tagg
Inga taggar, Lägg till första taggen!
|
| Thư viện lưu trữ: | Trung tâm Học liệu Trường Đại học Cần Thơ |
|---|
| LEADER | 00916nam a2200205Ia 4500 | ||
|---|---|---|---|
| 001 | CTU_22826 | ||
| 008 | 210402s9999 xx 000 0 und d | ||
| 020 | |b 112.500đ | ||
| 082 | |a 895.922 | ||
| 082 | |b T455/T3 | ||
| 100 | |a Tổng tập tiểu thuyết chữ Hán Việt Nam; T3 | ||
| 245 | 0 | |a Tổng tập tiểu thuyết chữ Hán Việt Nam; T3 | |
| 245 | 0 | |b Nam triều công nghiệp diễn chí,Hoan châu ký,Hoàng Lê nhất thống chí | |
| 260 | |a Hà Nội | ||
| 260 | |b Thế giới | ||
| 260 | |c 1997 | ||
| 520 | |a Hoan châu ký/Nguyễn Cảnh Trị; Nam triều công nghiệp diễn chí/Nguyễn Khoa Chiêm; Hoàng Lê nhất thống chí/Ngô Gia Văn Phái | ||
| 650 | |a vietnam literature ( chinese ) | ||
| 904 | |i Nguyễn Quang Điền, 980623 | ||
| 980 | |a Trung tâm Học liệu Trường Đại học Cần Thơ | ||